000
00298nam a22001337a 4500
008
170623b xxu||||| |||| 00| 0 eng d
020
_a
978089789411132
041
_a
eng
080
_a
32
100
_a
21
101
_a
SHP
245
_a
WOMEN IN WORLD POLITICS
_c
BECKMAN.P.R
942
_2
udc
_c
BK
999
_c
19096
_d
19096